书目信息 |
| 题名: |
各行业专利技术发展程度和趋势预测报告
|
|
| 作者: | ;中国知识产权研究会 编 | |
| 分册: | 第一辑 来自专利审查员的权威分析 | |
| 出版信息: | 北京 中国人口出版社 2003.09 |
|
| 页数: | 244页 | |
| 开本: | 21cm | |
| 丛书名: | ||
| 单 册: | ||
| 中图分类: | G306.72 | |
| 科图分类: | ||
| 主题词: | 专利--研究报告--中国 | |
| 电子资源: | ||
| ISBN: | 7-80079-851-8 | |
| 000 | 01223nam 2200241 450 | |
| 001 | 192004002575 | |
| 005 | 20070907162918.68 | |
| 010 | @a7-80079-851-8@dCNY18.80 | |
| 100 | @a20070601d2003 ekmy0chiy0121 ea | |
| 101 | 0 | @achi |
| 102 | @aCN@b110000 | |
| 105 | @aak z 00yy | |
| 200 | 1 | @a各行业专利技术发展程度和趋势预测报告@Age hang ye zhuan li ji shu fa zhan cheng du he qu shi yu ce bao gao@h第一辑@i来自专利审查员的权威分析@f中国知识产权研究会编 |
| 210 | @a北京@c中国人口出版社@d2003.09 | |
| 215 | @a244页@c图@d21cm | |
| 300 | @a其他题名:来自专利审查员的权威分析 | |
| 330 | @a为了进一步巩固和发展企业、国家的科技优势,并把这种科技优势迅速地转变为专利优势,通过拥有的专利优势在国际经济、科技、贸易活动中的地位得到提升,中国知识产权研究会组织国家知识产权局资深专利检索和审查人员撰写了各技术领域的技术评价与预测分析报告,并将以系列方式出版,提供给公众,特别是科研、企业、商业人士及专利工作者。本书由中国国家知识产权局局长王景川作序。 | |
| 517 | 1 | @a来自专利审查员的权威分析@Alai zi zhuan li shen cha yuan de quan wei fen xi |
| 606 | 0 | @a专利@x研究报告@y中国 |
| 690 | @aG306.72@v4 | |
| 711 | 02 | @a中国知识产权研究会@Azhong guo zhi shi chan quan yan jiu hui@4编 |
| 801 | 0 | @aCN@c20070907 |
| 905 | @dG306.72@eZ664 | |
| 各行业专利技术发展程度和趋势预测报告.第一辑.来自专利审查员的权威分析/中国知识产权研究会编.-北京:中国人口出版社,2003.09 |
| 244页:图;21cm |
| 其他题名:来自专利审查员的权威分析 |
| ISBN 7-80079-851-8:CNY18.80 |
| 为了进一步巩固和发展企业、国家的科技优势,并把这种科技优势迅速地转变为专利优势,通过拥有的专利优势在国际经济、科技、贸易活动中的地位得到提升,中国知识产权研究会组织国家知识产权局资深专利检索和审查人员撰写了各技术领域的技术评价与预测分析报告,并将以系列方式出版,提供给公众,特别是科研、企业、商业人士及专利工作者。本书由中国国家知识产权局局长王景川作序。 |
| ● |
| 相关链接 |
|
|
|
正题名:各行业专利技术发展程度和趋势预测报告
索取号:G306.72/Z664
 
预约/预借
| 序号 | 登录号 | 条形码 | 馆藏地/架位号 | 状态 | 备注 |
| 1 | 620335 | 206203357 | 社科库409/409社科库 120排1列5层/ [索取号:G306.72/Z664] | 在馆 | |
| 2 | 620336 | 206203366 | 社科库409/409社科库 120排1列5层/ [索取号:G306.72/Z664] | 在馆 | |
| 3 | 620337 | 206203375 | 社科库409/409社科库 120排1列5层/ [索取号:G306.72/Z664] | 在馆 |